000 00230 a2200097 4500
020 _a9781443428262
041 _aeng
100 _aCatharina Ingelman Sundberg
245 _aThe little old lady who broke all the rules
942 _cBK
999 _c27714
_d27714